Visualizzazione normale
Vista MARC
- Nicolli S., Zattoni M., Gillini G., Bonetti R., Nevi G
di Personal Name
Records bibliografici associati: 1
001 - CONTROL NUMBER
- control field: 62405
003 - CONTROL NUMBER IDENTIFIER
- control field:
005 - DATE AND TIME OF LATEST TRANSACTION
- control field: 20250707121611.0
008 - FIXED-LENGTH DATA ELEMENTS
- fixed length control field: 250707|| aca||aabn | a|a d
040 ## - CATALOGING SOURCE
- Original cataloging agency:
- Transcribing agency:
100 ## - HEADING--PERSONAL NAME
- Personal name: Nicolli S., Zattoni M., Gillini G., Bonetti R., Nevi G
670 ## - SOURCE DATA FOUND
- Source citation: Work cat.: ()247080: Anfossi Giuseppe (et al.) 62404, La pastorale familiare. Verso il convegno ecclesiale di Verona, 2006